Trade-offs between ecosystem protection and oil palm development (Record no. 116012)

MARC details
000 -LEADER
fixed length control field 01622cad a22002895a 4500
001 - CONTROL NUMBER
control field L159572
008 - FIXED-LENGTH DATA ELEMENTS--GENERAL INFORMATION
fixed length control field 100415u20160410xxk g 000 0 eng d
035 ## - SYSTEM CONTROL NUMBER
System control number (Sirsi) u159572
041 0# - LANGUAGE CODE
Language code of text/sound track or separate title eng
050 04 - LIBRARY OF CONGRESS CALL NUMBER
Classification number 333.72 $2 18
110 ## - MAIN ENTRY--CORPORATE NAME
Corporate name or jurisdiction name as entry element Royal Institution of Chartered Surveyors
9 (RLIN) 4900
245 00 - TITLE STATEMENT
Title Trade-offs between ecosystem protection and oil palm development
Medium [electronic resource]
260 ## - PUBLICATION, DISTRIBUTION, ETC.
Place of publication, distribution, etc. London
Name of publisher, distributor, etc. RICS
Date of publication, distribution, etc. 2016
490 #0 - SERIES STATEMENT
Series statement RICS Research
520 ## - SUMMARY, ETC.
Summary, etc. Investigates the ecological and economic components of forest conversion to oil palm, within a tropical floodplain system in Malaysia as a case study. Lowland forests are increasingly threatened with conversion to oil palm, as global demand and high profit drives crop expansion throughout the world?s tropical regions. Yet, landscapes are not homogenous and regional biophysical constraints dictate land suitability for this crop. The overarching goal of this research was to understand where and how to invest conservation efforts to promote forest conservation and connectivity in a seemingly high opportunity cost, oil palm dominated, floodplain landscape.
590 ## - LOCAL NOTE (RLIN)
Local note KA NTK
650 24 - SUBJECT ADDED ENTRY--TOPICAL TERM
Topical term or geographic name entry element DEFORESTATION
650 24 - SUBJECT ADDED ENTRY--TOPICAL TERM
Topical term or geographic name entry element CONSERVATION AND THE ENVIRONMENT
650 24 - SUBJECT ADDED ENTRY--TOPICAL TERM
Topical term or geographic name entry element FLOODPLAINS
650 24 - SUBJECT ADDED ENTRY--TOPICAL TERM
Topical term or geographic name entry element TROPICAL FORESTS
651 #4 - SUBJECT ADDED ENTRY--GEOGRAPHIC NAME
Geographic name Malaysia
Chronological subdivision 1965-
690 ## - LOCAL SUBJECT ADDED ENTRY--TOPICAL TERM (OCLC, RLIN)
Topical term or geographic name as entry element ENVIRONMENTAL AND LAND CONSULTANCY-AGRIBUSINESS-AGRICULTURE
690 ## - LOCAL SUBJECT ADDED ENTRY--TOPICAL TERM (OCLC, RLIN)
Topical term or geographic name as entry element Sustainability
9 (RLIN) 6271
700 1# - ADDED ENTRY--PERSONAL NAME
Personal name Abram, Nicola
856 40 - ELECTRONIC LOCATION AND ACCESS
Uniform Resource Identifier <a href="https://www.rics.org/Global/Borneo_Ecosystem_Protection_250716_dwl_Research.pdf">https://www.rics.org/Global/Borneo_Ecosystem_Protection_250716_dwl_Research.pdf</a>
Public note View the research free of charge at www.rics.org
942 ## - ADDED ENTRY ELEMENTS (KOHA)
Suppress in OPAC 0
Holdings
Withdrawn status Lost status Source of classification or shelving scheme Damaged status Not for loan Home library Current library Shelving location Date acquired Total Checkouts Full call number Barcode Date last seen Copy number Price effective from Koha item type
    Dewey Decimal Classification     Virtual Virtual Online 12/09/2017   ONLINE PUBLICATION 159572-2001 06/08/2019 1 06/08/2019 Book